Planes estratégicos, desarrollo urbano y ambiente: descentralización y participación ciudadana en Escazú /

Збережено в:
Бібліографічні деталі
Автор: Arrieta, Omar
Формат: Текст
Предмети:
Теги: Додати тег
Немає тегів, Будьте першим, хто поставить тег для цього запису!

MARC

LEADER 00000 a a2200000 04500
001 571
003
040
100 |a Arrieta, Omar  
245 |a Planes estratégicos, desarrollo urbano y ambiente:   |b descentralización y participación ciudadana en Escazú /  |c Omar Arrieta 
650 |a DESARROLLO URBANO  
650 |a MEDIO AMBIENTE  
650 |a DESCENTRALIZACION  
650 |a PARTICIPACION SOCIAL  
650 |a DESARROLLO REGIONAL  
773 |g número 63; páginas 7-16  
999 |c 30505  |d 30505